Активный ил в локальных очистных сооружениях биологической очистки хозяйственно-бытовых стоков; Экология и безопасность в техносфере: современные проблемы и пути решения

Opis bibliograficzny
Parent link:Экология и безопасность в техносфере: современные проблемы и пути решения.— 2013.— [С. 81-84]
1. autor: Башарова А. Ю.
Korporacja: Национальный исследовательский Томский политехнический университет
Kolejni autorzy: Напалкова Е. Е., Вторушина А. Н. Анна Николаевна
Streszczenie:Заглавие с экрана
Język:rosyjski
Wydane: 2013
Seria:Экологическая и техногенная безопасность
Hasła przedmiotowe:
Dostęp online:http://www.lib.tpu.ru/fulltext/c/2013/C52/023.pdf
Format: Elektroniczne Rozdział
KOHA link:https://koha.lib.tpu.ru/cgi-bin/koha/opac-detail.pl?biblionumber=604827

MARC

LEADER 00000naa2a2200000 4500
001 604827
005 20260325151126.0
035 |a (RuTPU)RU\TPU\conf\2107 
035 |a RU\TPU\conf\2104 
090 |a 604827 
100 |a 20140321d2013 k y0rusy50 ca 
101 0 |a rus 
102 |a RU 
135 |a drcn ---uucaa 
181 0 |a i  
182 0 |a b 
200 1 |a Активный ил в локальных очистных сооружениях биологической очистки хозяйственно-бытовых стоков  |f А. Ю. Башарова, Е. Е. Напалкова, А. Н. Вторушина 
203 |a Текст  |c электронный 
215 |a 1 файл(252 Кб) 
225 1 |a Экологическая и техногенная безопасность 
300 |a Заглавие с экрана 
320 |a [Библиогр.: с. 83 (4 назв.)] 
337 |a Adobe Reader 
463 1 |0 (RuTPU)RU\TPU\conf\1010  |t Экология и безопасность в техносфере: современные проблемы и пути решения  |o сборник трудов Всероссийской научно-практической конференции, г. Томск, 27-28 ноября 2013 г.  |f Национальный исследовательский Томский политехнический университет (ТПУ), Юргинский технологический институт (ЮТИ) ; под ред. В. М. Гришагина и др.  |v [С. 81-84]  |d 2013 
610 1 |a электронный ресурс 
610 1 |a труды учёных ТПУ 
610 1 |a активный ил 
610 1 |a локальные системы 
610 1 |a очистные сооружения 
610 1 |a биологическая очистка 
610 1 |a стоки 
700 1 |a Башарова  |b А. Ю. 
701 1 |a Напалкова  |b Е. Е. 
701 1 |a Вторушина  |b А. Н.  |c специалист в области экологии и безопасности жизнедеятельности  |c доцент Томского политехнического университета, кандидат химических наук  |f 1981-  |g Анна Николаевна  |3 (RuTPU)RU\TPU\pers\28245  |9 13198 
712 0 2 |a Национальный исследовательский Томский политехнический университет  |c (2009- )  |9 26305 
801 1 |a RU  |b 63413507  |c 20101016 
801 2 |a RU  |b 63413507  |c 20140321  |g RCR 
856 4 |u http://www.lib.tpu.ru/fulltext/c/2013/C52/023.pdf 
942 |c CF